000 00391 a2200157 4500
001 62055
020 _a
040 _cAnchieta - Pituba
100 _aGriesbach, Heinz
240 1 0 _aDeutsche sprachlehre fur auslander
_lpor
245 1 0 _aDeutsche sprachlehre fur auslander
300 _a150
362 0 _a1966
650 4 _aLínguas germânicas (teutônicas) língua alemã
942 _cBK
999 _c62055
_d62055